| 000 -LEADER |
| fixed length control field |
02440cam a2200361 a 4500 |
| 001 - CONTROL NUMBER |
| control field |
17184077 |
| 003 - CONTROL NUMBER IDENTIFIER |
| control field |
NUST |
| 005 - DATE AND TIME OF LATEST TRANSACTION |
| control field |
20170823140605.0 |
| 008 - FIXED-LENGTH DATA ELEMENTS--GENERAL INFORMATION |
| fixed length control field |
120227s2012 caua b 001 0 eng |
| 010 ## - LIBRARY OF CONGRESS CONTROL NUMBER |
| LC control number |
2012357086 |
| 020 ## - INTERNATIONAL STANDARD BOOK NUMBER |
| International Standard Book Number |
9781111521271 (pbk.) |
| 020 ## - INTERNATIONAL STANDARD BOOK NUMBER |
| Canceled/invalid ISBN |
1111521271 (pbk.) |
| 035 ## - SYSTEM CONTROL NUMBER |
| System control number |
(OCoLC)ocn750116049 |
| 040 ## - CATALOGING SOURCE |
| Original cataloging agency |
AU@ |
| Language of cataloging |
eng |
| Transcribing agency |
AU@ |
| Modifying agency |
UNL |
| -- |
YDXCP |
| -- |
OUN |
| -- |
MUU |
| -- |
DLC |
| 042 ## - AUTHENTICATION CODE |
| Authentication code |
lccopycat |
| 050 00 - LIBRARY OF CONGRESS CALL NUMBER |
| Classification number |
HF5381 |
| Item number |
.Z87 2012 |
| 082 04 - DEWEY DECIMAL CLASSIFICATION NUMBER |
| Classification number |
153.94 OSB |
| Edition number |
22 |
| 100 1# - MAIN ENTRY--PERSONAL NAME |
| Personal name |
Zunker, Vernon G., |
| Dates associated with a name |
1927- |
| 9 (RLIN) |
4035 |
| 245 10 - TITLE STATEMENT |
| Title |
Using assessment results for career development : |
| Remainder of title |
career counseling : a holistic approach / |
| Statement of responsibility, etc. |
Vernon Zunker ; prepared by Debra Osborn, Vernon Zunker. |
| 250 ## - EDITION STATEMENT |
| Edition statement |
8th ed. |
| 260 ## - PUBLICATION, DISTRIBUTION, ETC. |
| Place of publication, distribution, etc. |
Belmont, CA : |
| Name of publisher, distributor, etc. |
Brooks/Cole Cengage Learning, |
| Date of publication, distribution, etc. |
c2012. |
| 300 ## - PHYSICAL DESCRIPTION |
| Extent |
ix, 249, [34] p. : |
| Other physical details |
ill. ; |
| Dimensions |
28 cm. |
| 500 ## - GENERAL NOTE |
| General note |
Osborn's name appears first in the 7th ed. |
| 500 ## - GENERAL NOTE |
| General note |
Osborn's name appears first on the cover of the 8th ed. |
| 504 ## - BIBLIOGRAPHY, ETC. NOTE |
| Bibliography, etc. note |
Includes bibliographical references and indexes. |
| 505 0# - FORMATTED CONTENTS NOTE |
| Formatted contents note |
A conceptual model for using assessment results -- Interpreting assessment results -- Some measurement concepts -- Ethics and career assessment. -- Aptitude and achievement tests -- Interest inventories -- Personality inventories -- Career decision inventories -- Computer-assisted career guidance and online career assessments -- Card sorts and other non-standardized assessment approaches -- Combining assessment results. |
| 520 ## - SUMMARY, ETC. |
| Summary, etc. |
"An excellent resource in both career development and tests and measurement courses, USING ASSESSMENT RESULTS FOR CAREER DEVELOPMENT, 8e vividly illustrates how to use assessment instruments to increase clients' self-awareness and help them make rational career choices. Extremely practical, this hands-on worktext delivers detailed information on applying knowledge of tests and measurements in clinical settings and using assessment results in a wide variety of counseling situations. Through case studies, charts, bulleted/numbered lists, dialogues, agency addresses, and more, students learn to truly master the use of assessment results."--Publisher's website. |
| 650 #0 - SUBJECT ADDED ENTRY--TOPICAL TERM |
| Topical term or geographic name entry element |
Vocational guidance. |
| 9 (RLIN) |
4031 |
| 650 #0 - SUBJECT ADDED ENTRY--TOPICAL TERM |
| Topical term or geographic name entry element |
Occupational aptitude tests. |
| 9 (RLIN) |
4036 |
| 650 #0 - SUBJECT ADDED ENTRY--TOPICAL TERM |
| Topical term or geographic name entry element |
Vocational interests. |
| 9 (RLIN) |
4037 |
| 700 1# - ADDED ENTRY--PERSONAL NAME |
| Personal name |
Osborn, Debra S., |
| Dates associated with a name |
1968- |
| 9 (RLIN) |
4038 |
| 906 ## - LOCAL DATA ELEMENT F, LDF (RLIN) |
| a |
7 |
| b |
cbc |
| c |
copycat |
| d |
3 |
| e |
ncip |
| f |
20 |
| g |
y-gencatlg |
| 942 ## - ADDED ENTRY ELEMENTS (KOHA) |
| Source of classification or shelving scheme |
|
| Koha item type |
Book |